Joueurs de football de Nantes - Statistiques

Statistiques générales
  • Ce quiz a été pris 81 fois
  • Le résultat moyen est 12 sur 20
Statistiques - réponses
Par images Réponse % Correct
Alban LAFONT
96%
Florent MOLLET
90%
Mostafa MOHAMED
88%
Moussa SISSOKO
87%
Pedro CHIRIVELLA
79%
Jean-Charles CASTELLETTO
78%
Samuel MOUTOUSSAMY
78%
Rémy DESCAMPS
70%
Nathan ZEZE
66%
Ignatius GANAGO
64%
Jean-Kévin DUVERNE
63%
Abdoul-Kader BAMBA
61%
Douglas AUGUSTO
60%
Eray CÖMERT
57%
Jaouen HADJAM
52%
ADSON
40%
Lamine DIACK
37%
Stredair APPUAH
34%
Mohamed ACHI
22%
Hugo BOUTSINGKHAM
13%
Aucun quiz correspondant
Distribution des résultats
% des personnes avec chaque résultat
Percentile par nombre de réponses
Votre historique - résultats
Vous n’avez pas pris ce quiz